[Event "XXXII Belgrade Trophy 2018"]
[Site "Belgrade"]
[Date "2018.11.24"]
[Round "1"]
[White "Lalic, Mile"]
[Black "Radovanovic, Mihajlo"]
[Result "0-1"]
[WhiteElo "1993"]
[BlackElo "2466"]
[Annotator "TA"]
[PlyCount "70"]
[EventDate "2018.11.24"]
[EventType "swiss"]
[EventCountry "SRB"]
[SourceTitle "playchess.com"]
[Source "ChessBase"]
[SourceQuality "1"]

{[%evp 22,70,7,6,22,0,0,-45,-41,-29,-29,-56,-51,-79,-60,-80,-79,-87,-76,-108,-113,-111,-101,-122,-122,-114,-106,-128,-87,-155,-145,-280,-289,-281,-231,-243,-249,-319,-285,-227,-225,-539,-550,-694,-668,-668,-687,-691,-650,-1288,-1259]} 1. e4 c5 2. Nc3 Nc6 3. g3 g6 4. Bg2 Bg7 5. d3 d6 6. Nge2 e6 7. Be3 Nd4 8. Qd2 Ne7 9. Nd1 Nxe2 10. Qxe2 Rb8 11. O-O O-O 12. Qd2 {LiveBook: 4 Games. B26: Closed Sicilian: 3 g3, lines with early Be3} Re8 (12... e5 13. f4 b6 14. Nc3 Be6 15. Rae1 Qd7 16. Nd5 Nxd5 17. exd5 Bf5 18. fxe5 Bxe5 19. Bf4 Bh8 {½-½ (60) Sindarov,J (2383)-Sychev,K (2494) Pardubice 2017}) 13. d4 b6 14. a4 $146 {The position is equal.} ({Predecessor:} 14. h4 Qc7 15. c3 Ba6 16. Re1 b5 17. Bf1 Qc6 18. f3 Bb7 19. Nf2 f5 {0-1 (43) Licheli,L (1713)-Sirbiladze,S (1993) Poti 2013}) 14... Ba6 15. Re1 Nc6 {[%cal Rc5d4]} 16. c3 Na5 {[#] Threatens to win with ...Nb3.} 17. Qc2 Qc7 $36 {[%mdl 2048] Black has the initiative.} 18. dxc5 bxc5 19. Bf4 Qb6 20. Bf1 Bxf1 21. Kxf1 Red8 22. Re2 h6 23. h4 Qb7 24. Kg1 Rbc8 25. Qd3 ({White should play} 25. f3) 25... Nb3 $17 26. Ra3 (26. Rb1 $17) 26... c4 $19 27. Qc2 d5 {Strongly threatening ...d4.} 28. exd5 exd5 29. Be5 Bxe5 30. Rxe5 d4 31. Qe2 $2 (31. cxd4 {was the crucial defense.} Nxd4 32. Qc3) 31... dxc3 {Black is clearly winning.} 32. Nxc3 Nd4 33. Qe4 Qxb2 34. Nb1 Rb8 {[#] ...Qc1+ is the strong threat.} 35. Rb5 Nxb5 {Accuracy: White = 24%, Black = 80%.} 0-1

[Event "XXXII Belgrade Trophy 2018"]
[Site "Belgrade"]
[Date "2018.11.24"]
[Round "1"]
[White "Djordjevic, Zoran V"]
[Black "Todorovic, Goran M"]
[Result "0-1"]
[WhiteElo "1987"]
[BlackElo "2435"]
[Annotator "TA"]
[PlyCount "74"]
[EventDate "2018.11.24"]
[EventType "swiss"]
[EventCountry "SRB"]
[SourceTitle "playchess.com"]
[Source "ChessBase"]
[SourceQuality "1"]

{[%evp 24,74,15,12,10,0,0,0,0,-25,-2,-18,-9,-13,-12,-20,-20,-20,-15,-51,-47,-391,-29,-37,-32,-161,-34,-87,-65,-57,-61,-147,-149,-352,-359,-320,-163,-234,-210,-228,-223,-214,-192,-215,-206,-278,-277,-242,-254,-2469,-2485,-934,-597]} 1. d4 d5 2. c4 e6 3. Nc3 c5 4. cxd5 exd5 5. Nf3 Nc6 6. g3 Nf6 7. Bg2 Be7 8. O-O O-O 9. Bg5 cxd4 10. Nxd4 h6 11. Be3 Re8 12. Nxc6 bxc6 13. Na4 {LiveBook: 21 Games} Bg4 {D34: Tarrasch Defence: 6 g3 Nf6 7 Bg2 Be7} 14. Re1 (14. Rc1 Qd7 15. Re1 Bh3 16. Bf3 Bb4 17. Bd2 Bd6 18. Qc2 Rac8 19. Nc5 Qc7 20. Qa4 Bxc5 21. Rxc5 {½-½ (67) Solovjev,N (2298)-Bezgodov,A (2504) Khanty-Mansiysk 2016}) 14... Bb4 15. Bd2 Bd6 $146 {The position is equal.} ({Predecessor:} 15... Qa5 16. Bxb4 Qxb4 17. Qc2 Bxe2 18. a3 Qc4 19. Nc3 Bd3 {0-1 (34) Dvorak,L (2062)-Zavadil,M (2157) Czechia 2004}) 16. f3 Bf5 17. Rc1 Rc8 18. Bc3 h5 19. Bd4 {[#]} h4 $1 {[%mdl 512]} 20. g4 (20. gxh4 Nh5) 20... Bg6 21. Bc5 Bb8 {Hoping for ...h3!} 22. Kh1 $2 {[%mdl 8192] [#]} (22. e3 $15) 22... Bf4 $2 (22... h3 $1 $19 {[%cal Rh3g2][%mdl 512]} 23. Bxh3 Ne4 $1 {[%mdl 512]} 24. fxe4 Bxe4+ 25. Bg2 Qh4 {[%mdl 64] Double Attack}) 23. e3 $11 Bb8 {Strongly threatening ...Nxg4!} 24. Bf1 {[#]} ({White should play} 24. h3 $15) 24... Nd7 (24... Nxg4 $1 $19 {[%mdl 512]} 25. Re2 (25. fxg4 $2 Be4+ 26. Kg1 Bxh2+ 27. Kf2 Qf6+ 28. Ke2 Bf3+ {[%mdl 64] Double Attack, Skewer} 29. Kd2 Bxd1 $19) 25... Ne5) 25. Bd3 ({White should try} 25. Bd4 $15) 25... Qf6 {...Bxd3 is the strong threat.} 26. Bxg6 Qxg6 $40 {[%mdl 128] Black has some attack.} 27. Bd4 {[#]} (27. Qc2 $15) 27... Qd6 $1 $17 {[%csl Gb8][%cal Rd6h2]} 28. Qd2 $2 (28. Rc2 $17) 28... c5 $19 29. Bc3 h3 (29... Qc6 $142 30. Qd1 h3) 30. b3 {[#]} (30. Qf2 {was necessary.}) 30... d4 $1 {[%mdl 512]} 31. exd4 cxd4 32. Rxe8+ Rxe8 33. Bxd4 {[#]} Ne5 $1 {[%cal Re5f3]} 34. Qf4 {[#]} Nxf3 $1 {[%mdl 512]} 35. Qxd6 (35. Qxf3 Qxh2#) 35... Bxd6 36. Bxa7 $2 (36. Bg1) 36... Re2 {[%csl Gd6,Gf3][%cal Re2h2]} 37. Bg1 Bxh2 {Accuracy: White = 15%, Black = 46%.} 0-1

[Event "XXXII Belgrade Trophy 2018"]
[Site "Belgrade"]
[Date "2018.11.24"]
[Round "1"]
[White "Hadzi - Manev, Ljubomir"]
[Black "Ozen, Deniz"]
[Result "1/2-1/2"]
[WhiteElo "1982"]
[BlackElo "2411"]
[Annotator "TA"]
[PlyCount "46"]
[EventDate "2018.11.24"]
[EventType "swiss"]
[EventCountry "SRB"]
[SourceTitle "playchess.com"]
[Source "ChessBase"]
[SourceQuality "1"]

{[%evp 12,46,0,-16,29,23,57,-4,-10,-15,-3,-12,0,-10,-10,-16,-14,-8,-6,-23,-18,-19,0,0,30,0,40,0,56,47,185,36,39,-330,353,-178,297]} 1. d4 d5 2. Bf4 c5 3. e3 Nc6 4. c3 Nf6 5. Nd2 Bf5 6. Ngf3 {D00: 1 d4 d5: Unusual lines} Qb6 (6... e6 7. Nh4 Be4 8. Nhf3 Bf5 9. Nh4 Be4 10. Qb3 Qc8 11. Nhf3 Bf5 12. Be2 Be7 13. O-O O-O 14. h3 h6 15. Rfe1 c4 16. Qd1 b5 {1-0 (66) Grachev,B (2626)-Najer,E (2663) Moscow 2018}) 7. Nh4 {[#] LiveBook: 16 Games. And now dxc5 would win.} Bg4 8. Qb3 {White has an edge.} c4 9. Qxb6 (9. Qc2 $1 $14) 9... axb6 $11 10. h3 $146 ({Predecessor:} 10. f3 Bh5 11. Nf5 Bg6 12. Ng3 b5 13. e4 e6 14. Be2 b4 15. O-O b5 16. a3 bxc3 17. bxc3 Rxa3 18. Rxa3 Bxa3 {0-1 (51) Alvarez Fernandez,E (2055)-Aparicio Garcia,E Gijon 2002}) 10... Bd7 11. a3 h6 {[#] Threatens to win with ...g5.} 12. Nhf3 Bf5 13. Ne5 e6 14. g4 Bh7 15. Bg2 b5 16. O-O Nxe5 17. Bxe5 Nd7 18. e4 dxe4 19. Nxe4 O-O-O (19... Nxe5 $11 20. dxe5 O-O-O) 20. a4 $14 Be7 (20... Bxe4 $14 21. Bxe4 Nxe5) 21. Nd6+ ({Don't do} 21. axb5 $6 Nxe5 22. dxe5 Kc7 $16) (21. Bxg7 $18 Rhg8 22. Bxh6) 21... Bxd6 $1 22. f4 $2 {[%mdl 8192]} (22. Bxd6 $14 {was the only good move.} bxa4 23. Rfc1) 22... b6 $4 {[%mdl 8192]} (22... Bxe5 $19 23. fxe5 Rhf8 24. axb5 Bd3) 23. Bc6 $4 {[%mdl 8192]} (23. Bxd6 $18 {is the narrow road to win. aiming for f5.} Nb8 24. Bxb8 Kxb8 25. axb5) 23... Bg6 $4 {[%mdl 40960] Accuracy: White = 21%, Black = 18%. . An unexpected result.} (23... Bb8 $19 {and all is fine.} 24. Bxb5 Nxe5 25. fxe5 Bg6) 1/2-1/2

[Event "XXXII Belgrade Trophy 2018"]
[Site "Belgrade"]
[Date "2018.11.24"]
[Round "1"]
[White "Stefanovic, Milan"]
[Black "Atakisi, Umut"]
[Result "0-1"]
[WhiteElo "1957"]
[BlackElo "2398"]
[Annotator "RC"]
[PlyCount "70"]
[EventDate "2018.11.24"]
[EventType "swiss"]
[EventCountry "SRB"]
[SourceTitle "playchess.com"]
[Source "ChessBase"]
[SourceQuality "1"]
[TimeControl "40/5400+30:900+30"]

1. d4 {[%emt 0:00:00]} Nf6 {[%emt 0:07:00]} 2. Nf3 {[%emt 0:00:00]} d5 {[%emt 0:00:34]} 3. Bf4 {[%emt 0:00:02]} c5 {[%emt 0:00:06]} 4. e3 {[%emt 0:00:15]} Nc6 {[%emt 0:00:09]} 5. c3 {[%emt 0:00:27]} Qb6 {[%emt 0:00:10]} 6. Qb3 {[%emt 0:00:27]} c4 {[%emt 0:00:06]} 7. Qc2 {[%emt 0:00:23]} Bf5 {[%emt 0:00:07]} 8. Qc1 {[%emt 0:00:09]} h6 {[%emt 0:00:25]} 9. Nbd2 {[%emt 0:01:23]} e6 {[%emt 0:00:15]} 10. Be2 {[%emt 0:00:38]} Be7 {[%emt 0:02:16]} 11. O-O {[%emt 0:01:11]} O-O {[%emt 0:01:26]} 12. h3 {[%emt 0:02:07]} Rfc8 {[%emt 0:05:48]} 13. Ne5 {[%emt 0:03:23]} Qd8 {[%emt 0:01:15]} 14. Bh2 {[%emt 0:02:56]} b5 {[%emt 0:00:43]} 15. f4 {[%emt 0:05:50]} Bh7 {[%emt 0:09:20]} 16. g4 {[%emt 0:08:55]} Nxe5 {[%emt 0:01:12]} 17. dxe5 {[%emt 0:06:47]} Ne4 {[%emt 0:01:32]} 18. Nxe4 {[%emt 0:08:08]} Bxe4 {[%emt 0:00:39]} 19. Bf3 {[%emt 0:07:01]} Bd3 {[%emt 0:01:55]} 20. Rf2 {[%emt 0:09:20]} b4 {[%emt 0:01:22]} 21. Bg3 {[%emt 0:05:35]} Rab8 {[%emt 0:17:09]} 22. Be2 {[%emt 0:05:24]} bxc3 {[%emt 0:05:57]} 23. bxc3 {[%emt 0:00:37]} Qa5 {[%emt 0:00:49]} 24. Qd2 {[%emt 0:07:49]} Be4 {[%emt 0:03:37]} 25. Bf3 {[%emt 0:05:52]} Bxf3 {[%emt 0:01:28]} 26. Rxf3 {[%emt 0:00:12]} Ba3 {[%emt 0:00:15]} 27. Be1 {[%emt 0:04:12]} Rb2 {[%emt 0:02:46]} 28. Qd1 {[%emt 0:01:45]} Rcb8 {[%emt 0:02:05]} 29. f5 {[%emt 0:02:49]} Bc5 {[%emt 0:02:27]} 30. a4 {[%emt 0:01:30]} Qb6 {[%emt 0:00:43]} 31. Bd2 {[%emt 0:02:34]} Qb3 {[%emt 0:02:45]} 32. Qe1 {[%emt 0:01:39]} Qc2 {[%emt 0:00:53]} 33. Rf2 {[%emt 0:00:39]} Rb1 {[%emt 0:06:15]} 34. Bc1 {[%emt 0:01:03]} Qd3 {[%emt 0:00:27]} 35. Rxb1 {[%emt 0:01:32]} Rxb1 {[%emt 0:00:08]} 0-1

[Event "XXXII Belgrade Trophy 2018"]
[Site "Belgrade"]
[Date "2018.11.25"]
[Round "2"]
[White "Kadric, Denis"]
[Black "Gunduz, Umut Erdem"]
[Result "0-1"]
[WhiteElo "2554"]
[BlackElo "2205"]
[Annotator "TA"]
[PlyCount "42"]
[EventDate "2018.11.24"]
[EventType "swiss"]
[EventCountry "SRB"]
[SourceTitle "playchess.com"]
[Source "ChessBase"]
[SourceQuality "1"]

{[%evp 17,42,26,85,-45,-31,-153,-96,-146,-124,-367,-373,-502,-466,-537,-522,-1230,-1225,-1212,-1213,-1642,-1638,-1613,37,-1613,-1555,-1412,-1412]} 1. f4 e5 2. fxe5 d6 3. exd6 Bxd6 4. Nf3 g5 {[%cal Bg7g5,Bg5g4][%mdl 32]} 5. g3 g4 6. Nh4 Ne7 7. e4 Ng6 8. Nf5 {A02: Bird's Opening} Bxf5 9. exf5 Ne5 {LiveBook: 3 Games} (9... Qe7+ $1 $11 {keeps the balance.} 10. Be2 Qe4 {[%mdl 64] Double Attack}) 10. Be2 (10. d4 $16 Nf3+ 11. Kf2) 10... Nbc6 $1 $15 {[%mdl 1024] And now ...Bc5 would win. Black has compensation.} 11. c3 {[#]} (11. Nc3 $15) 11... Bc5 $146 {...Qd5 is the strong threat.} ({Predecessor:} 11... Qe7 12. d4 O-O-O 13. O-O h5 14. f6 Qe8 15. Nd2 h4 {½-½ (27) Bocharov,I (2471)-Smotrin,S (2127) Novosibirsk 2009}) 12. d4 {[%mdl 64] Double Attack} Qd5 13. Rf1 $2 (13. Kf2 $17 {is a better defense.} O-O-O 14. Be3) 13... O-O-O $19 {[%cal Ba8d8,Bd8d4,Bd4e4][%mdl 32]} 14. Be3 ({Inferior is} 14. dxe5 Qg2 $19) 14... Rhe8 15. Kf2 Qe4 16. Re1 {[#]} Nxd4 $1 {[%mdl 512]} 17. cxd4 Rxd4 18. Qc1 Nd3+ {[%mdl 64] Overworked Piece} 19. Bxd3 Qf3+ 20. Kg1 {[#]} Rxe3 $1 21. Qxe3 Re4 {[%mdl 64] Pin. Accuracy: White = 11%, Black = 78%.} 0-1

[Event "XXXII Belgrade Trophy 2018"]
[Site "Belgrade"]
[Date "2018.11.25"]
[Round "2"]
[White "Petrov, Marian"]
[Black "Ivanovic, Marko"]
[Result "1-0"]
[WhiteElo "2488"]
[BlackElo "2202"]
[Annotator "TA"]
[PlyCount "127"]
[EventDate "2018.11.24"]
[EventType "swiss"]
[EventCountry "SRB"]
[SourceTitle "playchess.com"]
[Source "ChessBase"]
[SourceQuality "1"]

{[%evp 9,126,35,33,38,68,45,43,41,56,41,47,37,25,27,34,37,39,0,-2,-19,-11,0,-2,-28,-28,-27,-13,-27,-24,-27,-25,-20,-27,-29,-42,-38,-34,-39,-48,-48,-33,-143,-143,-125,-123,-133,-123,-131,-118,-110,-34,-34,-33,-25,-22,-22,-20,-12,0,0,0,0,0,0,0,0,1001,978,1206,1101,781,865,29968,29969,29969,29968,29972,29973,29974,29975,29975,29976,29976,29977,29977,29978,29978,29979,29979,29980,29980,29981,29981,29982,29982,29983,29983,29984,29984,29985,29985,29986,29986,29981,29988,29988,29988,29989,29991,29988,29997,29987,29996,29997,29997,29998,29998,29999,29999]} 1. e4 c5 2. Nf3 d6 3. c3 Nf6 4. g3 Nbd7 5. Qe2 (5. d3 g6 6. Bg2 Bg7 7. O-O O-O 8. Re1 e5 9. d4 Qc7 10. a4 b6 11. d5 a6 12. Nbd2 {1-0 (42) Kramnik,V (2800)-Karjakin,S (2763) Moscow 2018}) 5... b6 6. d4 {B50: Sicilian: 2...d6, Miscellaneous} e5 7. dxe5 $146 ({Predecessor:} 7. Bg2 Be7 8. O-O O-O 9. Nh4 Re8 10. Nf5 Bf8 11. d5 c4 12. Qxc4 {0-1 (39) Rzayev,B (2368)-Idani,P (2417) Esfahan 2011}) 7... dxe5 8. Bh3 {White is slightly better.} Bb7 9. Bg5 Be7 10. O-O Nxe4 11. Rd1 Nxg5 12. Nxg5 Bc6 13. Nf3 Qc7 14. Bxd7+ Bxd7 15. Nxe5 Be6 16. Qb5+ Kf8 17. Qe2 g6 18. Re1 Re8 19. Na3 Kg7 20. Nb5 Qb7 21. Rad1 Bh3 $40 {[%csl Gh3][%cal Rb7g2][%mdl 128] Black attacks.} 22. Qf3 Qxf3 23. Nxf3 Bg4 24. Kg2 Bf6 $1 25. h3 (25. Rxe8 $15 Rxe8 26. h3) 25... Rxe1 $17 26. Rxe1 Bd7 $1 {[%cal Rd7b5]} 27. Nd6 Bc6 28. Re3 Rd8 29. Ne4 Re8 ({Black should try} 29... Rd1 $17 30. Nxf6 Kxf6) 30. Nxf6 $15 Rxe3 {[#]} 31. Nh5+ $1 {[%mdl 512]} gxh5 32. fxe3 $11 {[%mdl 4096] Endgame KB-KN} Kf6 33. Kf2 Bxf3 34. Kxf3 {KP-KP} Ke5 35. e4 b5 36. Ke3 a5 37. g4 {[%cal Bg3g4,Bg4g5][%mdl 32]} h4 $2 {[%mdl 8192] [#]} (37... hxg4 $11 38. hxg4 b4) 38. g5 $1 $18 c4 39. a3 a4 40. Kf3 f5 41. gxf6 $1 {White mates.} Kxf6 42. Kf4 h6 {[#]} 43. e5+ $1 {[%cal Be4e5,Be5e6][%mdl 32]} Ke6 44. Ke4 h5 45. Kd4 Ke7 46. Kd5 Kd7 47. e6+ Ke7 48. Ke5 Ke8 49. Kd6 Kd8 50. Kc5 Ke7 51. Kxb5 Kxe6 52. Kxa4 Ke5 53. Kb4 Kf4 54. a4 Kg3 55. a5 Kxh3 {K3P-K3P} 56. a6 Kh2 57. a7 h3 58. a8=Q Kg1 59. Qg8+ Kh1 60. Qxc4 h4 61. Qf1+ {[%mdl 64] Double Attack} Kh2 62. Qf2+ {[%mdl 64] Double Attack} Kh1 63. c4 h2 64. Qf1# {Accuracy: White = 77%, Black = 64%.} 1-0

[Event "XXXII Belgrade Trophy 2018"]
[Site "Belgrade"]
[Date "2018.11.25"]
[Round "2"]
[White "Radovanovic, Mihajlo"]
[Black "Cetkovic, Miodrag"]
[Result "1-0"]
[WhiteElo "2466"]
[BlackElo "2189"]
[Annotator "TA"]
[PlyCount "81"]
[EventDate "2018.11.24"]
[EventType "swiss"]
[EventCountry "SRB"]
[SourceTitle "playchess.com"]
[Source "ChessBase"]
[SourceQuality "1"]

{[%evp 17,81,5,41,29,36,33,50,42,45,28,53,56,70,40,56,37,55,32,48,30,38,31,143,147,172,172,291,149,147,127,122,130,179,158,202,205,214,225,212,202,166,135,257,162,160,156,157,159,189,191,183,168,172,173,324,304,361,339,383,223,353,228,243,243,29994,614]} 1. Nf3 Nf6 2. g3 d6 3. d4 Nbd7 4. c4 e5 5. Nc3 Be7 6. Bg2 c6 7. Qc2 Qc7 8. O-O O-O 9. h3 {A54: Old Indian Defence with Nf3, but without e4} (9. e4 Re8 10. h3 Bf8 11. Be3 a6 12. d5 b5 13. dxc6 Qxc6 14. cxb5 axb5 15. a3 Nb6 16. Rac1 Bb7 17. Bg5 Nbd7 18. Nd2 {½-½ (63) Matlakov,M (2683)-Khanin,S (2510) Sochi 2018}) 9... Re8 {LiveBook: 27 Games} (9... b5 $5) 10. a3 Nf8 11. e4 $146 {White is slightly better.} ({Predecessor:} 11. Rd1 Bd7 12. e4 Rad8 13. Be3 Ng6 14. b4 h5 15. Bg5 Qc8 16. Kh2 Nh7 17. Bxe7 Rxe7 {1-0 (36) Tregubov,P (2495)-Chachalev,J (2220) Volgograd 1994}) 11... Ng6 12. Rd1 Bd7 13. Be3 Rac8 14. Rac1 b5 15. Qe2 Qb7 16. cxb5 cxb5 17. dxe5 dxe5 18. Nd5 Nxd5 19. exd5 {Strongly threatening d6.} Bd6 {[#]} (19... e4 $14 20. Rxc8 Rxc8) 20. Ng5 $1 $16 {Black must now prevent Qh5.} Bf5 21. Rc6 Rcd8 {[#]} (21... Bb8 $142 22. Rxc8 Qxc8) 22. Qh5 (22. g4 $1 $18 {[%cal Rg4f5]} Bc8 23. Ne4) 22... Nf8 23. Ne4 Bxe4 24. Bxe4 b4 25. a4 b3 26. Qe2 Qd7 27. Qg4 Qe7 28. h4 Nd7 29. Bg5 f6 (29... Nf6 $16 {is a better defense.}) 30. Qe6+ Qxe6 31. dxe6 Nc5 32. Bd5 $36 {[%mdl 2048] White is on the roll.} Be7 33. Be3 Nxa4 34. Bxb3 Rxd1+ 35. Bxd1 Nxb2 $2 (35... Nb6 36. Bxb6 axb6) 36. Bc2 $18 g6 37. Rc7 (37. Bxa7 f5 $16) 37... Bd6 38. Rd7 (38. Rxa7 $142 Nc4 39. Bh6) 38... Be7 (38... Nc4 $142) 39. Rb7 ({Not} 39. Bxa7 Kf8 $16) 39... Nc4 40. Ba4 {[%mdl 1024] White has strong compensation.} ({Weaker is} 40. Bxa7 Nd6 $16) 40... Kf8 $2 (40... Nxe3 $18 41. Bxe8 Nf5) 41. Bh6+ {Accuracy: White = 71%, Black = 26%.} 1-0

[Event "XXXII Belgrade Trophy 2018"]
[Site "Belgrade"]
[Date "2018.11.25"]
[Round "2"]
[White "Todorovic, Goran M"]
[Black "Maric, Dragan"]
[Result "1-0"]
[WhiteElo "2435"]
[BlackElo "2174"]
[Annotator "TA"]
[PlyCount "85"]
[EventDate "2018.11.24"]
[EventType "swiss"]
[EventCountry "SRB"]
[SourceTitle "playchess.com"]
[Source "ChessBase"]
[SourceQuality "1"]

{[%evp 28,85,19,20,64,50,95,78,89,0,120,121,118,96,103,89,86,99,93,79,104,80,108,94,81,81,85,85,72,35,55,49,100,47,42,45,104,105,85,86,87,74,75,66,78,81,54,60,64,68,246,160,161,141,664,662,808,786,1086,1071]} 1. e4 e5 2. Nf3 Nc6 3. Bb5 a6 4. Ba4 Nf6 5. O-O Be7 6. Re1 b5 7. Bb3 O-O 8. c3 d6 9. h3 Bb7 10. d4 Re8 11. Nbd2 Bf8 12. Bc2 {[%cal Bb3c2,Bc2d3,Bd3b5][%mdl 32]} Qd7 {C92: Closed Ruy Lopez: 9...Be6, Karpov and Flohr-Zaitsev Variations} 13. a3 {[%cal Ba2a3,Ba3a4][%mdl 32]} Rad8 14. d5 Ne7 15. b3 {[#] LiveBook: 4 Games} c5 $146 ({Predecessor:} 15... Ng6 16. Nf1 c6 17. c4 Nh5 18. Ng3 Nxg3 19. fxg3 Rc8 20. Be3 {½-½ (30) Grischuk,A (2732)-Bacrot,E (2664) Cap d'Agde 2003}) 16. a4 Qc7 17. Bd3 b4 18. Bb2 ({White should try} 18. cxb4 $16 {Strongly threatening Qc2.} cxb4 19. Ra2) 18... a5 (18... Nexd5 $11 19. exd5 bxc3 20. Bxc3 Nxd5) 19. Bb5 $16 Nd7 20. cxb4 axb4 21. Nc4 Nc8 22. Ne3 Na7 23. Bf1 Qc8 24. Rc1 Ba6 25. Nc4 Qb7 26. Nh2 Nb6 27. Na5 Qc8 28. Re3 (28. f4 {with more complications.} Bxf1 29. Rxf1 Qa6 30. Ng4 Qxa5 31. fxe5 dxe5 32. Bxe5 Kh8 33. Nh6) 28... Bxf1 29. Qxf1 Qc7 {[#]} (29... f5 $14) 30. Nc4 (30. f4 $1 $16) 30... Nxc4 31. Qxc4 Qa5 ({Better is} 31... Rb8 $14) 32. Rg3 Nc8 {[%cal Ba7c8,Bc8e7,Be7g6][%mdl 32]} 33. Ng4 {Nh6+ is the strong threat.} Kh8 34. Qe2 Ne7 35. Qf3 {Hoping for Nf6!} Ng6 $1 36. Qxf7 Be7 37. Bxe5 $1 dxe5 {[#]} 38. Nxe5 $1 {[%mdl 512]} Qc7 $2 (38... Bf6 $1 $14 39. Nxg6+ hxg6) (38... Nxe5 39. Qxg7#) 39. Nxg6+ hxg6 40. Rxg6 $40 {[%csl Gg6][%cal Rf7g7,Bg3g6,Bg6e6,Be6e5][%mdl 160] Black is in trouble.} Qe5 $2 {[%mdl 8192]} (40... Bd6 $16 41. Qxc7 Bxc7) 41. Re6 $18 {White is clearly winning.} Qg5 42. f4 Qh4 43. Re5 {Precision: White = 57%, Black = 41%.} 1-0

[Event "XXXII Belgrade Trophy 2018"]
[Site "Belgrade"]
[Date "2018.11.25"]
[Round "2"]
[White "Atakisi, Umut"]
[Black "Graovac, Vidak Balsa"]
[Result "1-0"]
[WhiteElo "2398"]
[BlackElo "2155"]
[Annotator "ChessBase"]
[PlyCount "65"]
[EventDate "2018.11.24"]
[EventType "swiss"]
[EventCountry "SRB"]
[SourceTitle "playchess.com"]
[Source "ChessBase"]
[SourceQuality "1"]
[TimeControl "40/5400+30:900+30"]

1. d4 {[%emt 0:08:04]} Nf6 {[%emt 0:00:24]} 2. Nf3 {[%emt 0:00:40]} d6 {[%emt 0:00:53]} 3. c4 {[%emt 0:00:18]} g6 {[%emt 0:09:50]} 4. Nc3 {[%emt 0:05:56]} Bg7 {[%emt 0:00:07]} 5. e4 {[%emt 0:00:04]} O-O {[%emt 0:00:04]} 6. Be2 {[%emt 0:00:04]} e5 {[%emt 0:01:55]} 7. Be3 {[%emt 0:00:10]} Qe7 {[%emt 0:02:30]} 8. O-O {[%emt 0:07:35]} Nbd7 {[%emt 0:08:03]} 9. Re1 {[%emt 0:05:41]} c6 {[%emt 0:01:27]} 10. Bf1 {[%emt 0:09:04]} Rd8 {[%emt 0:03:26]} 11. d5 {[%emt 0:05:18]} Ng4 {[%emt 0:01:31]} 12. Bg5 {[%emt 0:02:05]} f6 {[%emt 0:03:54]} 13. Bd2 {[%emt 0:02:20]} f5 {[%emt 0:00:16]} 14. exf5 {[%emt 0:03:22]} gxf5 {[%emt 0:00:10]} 15. h3 {[%emt 0:01:49]} Ngf6 {[%emt 0:02:33]} 16. Nd4 {[%emt 0:09:21]} Nc5 {[%emt 0:01:02]} 17. dxc6 {[%emt 0:03:46]} Nce4 {[%emt 0:06:00]} 18. Nxe4 {[%emt 0:02:41]} Nxe4 {[%emt 0:05:12]} 19. cxb7 {[%emt 0:02:52]} Qxb7 {[%emt 0:00:03]} 20. Nb5 {[%emt 0:02:04]} a6 {[%emt 0:02:53]} 21. Nc3 {[%emt 0:01:45]} Qxb2 {[%emt 0:00:15]} 22. Nxe4 {[%emt 0:00:50]} fxe4 {[%emt 0:00:01]} 23. Bg5 {[%emt 0:04:00]} Be6 {[%emt 0:02:26]} 24. Bxd8 {[%emt 0:01:12]} Rxd8 {[%emt 0:00:02]} 25. Qb3 {[%emt 0:01:25]} Qd4 {[%emt 0:02:36]} 26. Qe3 {[%emt 0:01:05]} Qb2 {[%emt 0:07:05]} 27. Rab1 {[%emt 0:09:43]} Qxa2 {[%emt 0:00:36]} 28. Rb7 {[%emt 0:00:25]} Rf8 {[%emt 0:03:26]} 29. Qg3 {[%emt 0:00:44]} Bf7 {[%emt 0:00:08]} 30. Rxe4 {[%emt 0:03:52]} Bg6 {[%emt 0:00:49]} 31. Rg4 {[%emt 0:02:22]} Qa1 {[%emt 0:00:25]} 32. h4 {[%emt 0:02:54]} Rf5 {[%emt 0:02:34]} 33. Rxg6 {[%emt 0:00:49]} 1-0

[Event "XXXII Belgrade Trophy 2018"]
[Site "Belgrade"]
[Date "2018.11.25"]
[Round "2"]
[White "Dimic, Pavle"]
[Black "Jandric, Damjan"]
[Result "1/2-1/2"]
[WhiteElo "2348"]
[BlackElo "2117"]
[Annotator "TA"]
[PlyCount "57"]
[EventDate "2018.11.24"]
[EventType "swiss"]
[EventCountry "SRB"]
[SourceTitle "playchess.com"]
[Source "ChessBase"]
[SourceQuality "1"]

{[%evp 19,57,61,61,54,62,59,69,73,67,62,67,32,78,22,16,31,30,27,35,0,22,0,0,-64,113,114,96,97,102,67,139,-31,0,0,0,0,0,0,0,0]} 1. d4 Nf6 2. c4 d6 3. Nf3 g6 4. g3 Bg7 5. Bg2 O-O 6. O-O Nc6 7. Nc3 Bg4 8. d5 Na5 9. b3 c5 10. Bd2 a6 11. h3 {E62: King's Indian: Fianchetto: 6...c6 and Panno Variation (6...Nc6) without ...a6} Bd7 (11... Bxf3 12. Bxf3 b5 13. cxb5 axb5 14. Nxb5 Qd7 15. a4 Qxh3 16. e4 h5 17. Bg2 Qg4 18. Ra3 Qxd1 19. Rxd1 {1-0 (41) Ding,L (2759)-Lin,C (2475) China 2017}) 12. e4 e5 13. dxe6 {White is slightly better.} Bxe6 14. Rc1 Nc6 $146 ({Predecessor:} 14... Nd7 15. Bg5 Bf6 16. Bh6 Re8 17. Qxd6 Ne5 18. Qxd8 Raxd8 19. Nxe5 Bxe5 {1-0 (55) Andersen,M (2597)-Bekker Jensen,S (2483) Helsingor 2018}) 15. a4 h6 16. Re1 (16. Bf4 $16) 16... Nd7 $11 17. Be3 Qa5 18. Ne2 Rad8 19. Nh2 ({But not} 19. Qxd6 Nde5 $11) 19... b5 20. axb5 ({Much worse is} 20. Qxd6 Nde5 $17) 20... axb5 21. f4 ({White should try} 21. Nf4 $11) 21... Nb6 $2 {[#]} (21... Qa3 $15 {stays ahead.}) 22. f5 $1 $16 {[%mdl 512]} Bc8 (22... gxf5 23. exf5) 23. Ng4 {Hoping for f6.} bxc4 24. bxc4 ({Don't play} 24. Nxh6+ Kh7 $14) 24... h5 {[#]} ({Better is} 24... Kh7 $14) 25. f6 $2 (25. Nh6+ $1 $16 Kh7 26. Nxf7 Rxf7 27. Bg5) 25... Bh8 26. Ra1 {The position is equal.} Qb4 27. Rb1 Qa5 28. Ra1 Qb4 29. Rb1 {Accuracy: White = 42%, Black = 55%.} 1/2-1/2